00719pam a2200241 a 4500001000500000005001700005020001500022020001700037040002300054050002400077082001200101100002000113245004900133260003900182300004800221505000700269520009800276521001900374521001800393650002200411650002200433650002200455232220260114103743.0 a044841127X a070918003998 aDLCcDLCdDLCbeng00aPZ8.3.M716bWh 199600a4302201 aMoffatt, Judith10aWho stole the cookies? /cby Judith Moffatt. aNew York :bGrosset & Dunlapc1996 a29 unnumbered pages :bIllustrationsc23 cm aE  aEach in a series of animals denies taking the cookies, but the true thief turns up in a cave. a270 bLexile  aE bRaz-Plus  1aCookiesxFiction. 1aAnimalsxFiction. 1aStories in rhyme.